| 000 | 01079cam a2200265 a 4500 | ||
|---|---|---|---|
| 001 | 000007731 | ||
| 005 | 20200929154258.0 | ||
| 008 | 020927s2001 gt 001 e spa | ||
| 040 |
_aDO-SdBNP _cDLC _dDLC |
||
| 082 |
_aG864.4 _bV432p |
||
| 100 | 1 |
_aVela, David, _d1901-1992. _921404 |
|
| 245 | 1 | 0 |
_aPáginas vividas : _bselección de ensayos / _cDavid Vela ; compiladores, Héctor Guillermo Pineda, Rolando Castellanos y Olga Leticia Solís de Calderón. |
| 260 |
_aGuatemala : _bCultura, _c2001. |
||
| 300 |
_a130 p. ; _c22 cm. |
||
| 490 | 1 |
_aEnsayo _aLuis Cardoza y Aragón _v28 |
|
| 500 | _a"Publicación de la Comisión para el centenario del nacimiento de David Vela." | ||
| 504 | _aBibliografía p. 129-130. | ||
| 650 | 4 |
_aEnsayos guatemalteco _921405 |
|
| 650 | 4 |
_aLiteratura guatemalteco _921406 |
|
| 700 | 1 |
_aPineda, Héctor Guillermo, _ecomp. _921407 |
|
| 700 | 1 |
_aCastellanos, Rolando, _ecomp. _921408 |
|
| 700 | 1 |
_aSolís de Calderón, Olga Leticia, _ecomp. _921409 |
|
| 830 | 0 |
_aEnsayo, _pLuis Cardoza y Aragón ; _v28. _921182 |
|
| 910 | _aCatalogación por copia / LC | ||
| 999 |
_c7509 _d7509 |
||